Informačný manažment v podnikoch na Slovensku
Prístup manažmentu podnikov na Slovensku k informačnému manažmentu (IM). Výskum zameraný na posúdenie úrovne IM v závislosti od stanovených parametrov - rozsahu územného pôsobenia podnikov, od vlastníctva podnikov a od existencie samostatného útvaru IKT.
Na minha lista:
| Autor principal: | |
|---|---|
| Outros Autores: | , |
| Formato: | Capítulo de Livro |
| Idioma: | eslovaco |
| Assuntos: | |
| Tags: |
Sem tags, seja o primeiro a adicionar uma tag!
|
MARC
| LEADER | 00000naa$a2200000$$$4500 | ||
|---|---|---|---|
| 001 | 0271054 | ||
| 005 | 20240521104631.1 | ||
| 041 | 0 | |a slo | |
| 044 | |a CZ | ||
| 245 | 1 | 0 | |a Informačný manažment v podnikoch na Slovensku |c Anna Hamranová, Benita Beláňová, Anikó Töröková |
| 520 | |a Prístup manažmentu podnikov na Slovensku k informačnému manažmentu (IM). Výskum zameraný na posúdenie úrovne IM v závislosti od stanovených parametrov - rozsahu územného pôsobenia podnikov, od vlastníctva podnikov a od existencie samostatného útvaru IKT. | ||
| 610 | 2 | 0 | |a systémy informačné |
| 610 | 2 | 0 | |a manažment informačný |
| 610 | 2 | 0 | |a podnik |
| 610 | 2 | 0 | |a Slovensko |
| 100 | 1 | |a Hamranová, Anna, 1957- | |
| 700 | 1 | |a Beláňová, Benita, 1973- | |
| 700 | 1 | |a Töröková, Anikó, 1963- | |